| 000 | 01009nam0a22002771 4500 | ||
|---|---|---|---|
| 001 | RU\NLR\INFOCOMM_190\5000082538 | ||
| 005 | 20250613101355.0 | ||
| 010 |
_915000 экз. _d10 к. |
||
| 035 | _a(NLR Aleph) 009376606 | ||
| 090 |
_a7956149 _c7956149 |
||
| 100 | _a20101221d1931 |||y0rusy50 ca | ||
| 101 | 1 |
_aeng _crus |
|
| 102 | _aRU | ||
| 105 | _ay ||||000|y | ||
| 200 | 1 |
_a... Anent a certain legend _fMaxim Gorky _gTranslated from the Russian by M. L. Kortchmar |
|
| 210 |
_aMoscow _cCentralizdat _d1931 _eЛенинград _gтип. "Коминтерн" в Лгр. |
||
| 215 |
_a20 с. _d13×10 см |
||
| 300 | _aНа 4-й стр. обл.: "М. Горький. - По поводу одной легенды" | ||
| 606 |
_aПринудительный труд _yСССР _2nlr_sh1 |
||
| 700 | 1 |
_9z01790 _aGor'kij _bM. _f1868-1936 _gMaksim _4070 |
|
| 790 | 1 |
_9z01700 _aGorky _bM. _gMaxim _4070 |
|
| 801 | 1 |
_aRU _bNLR _c20101221 |
|
| 801 | 0 |
_aRU _bNLR _gPSBO |
|
| 852 |
_aNLR _jЕ-8/518 |
||
| 942 | _cBOOK | ||
| 980 | _aNB | ||